| 000 | 00710nam a2200193Ia 4500 | ||
|---|---|---|---|
| 003 | GCL | ||
| 008 | 140319s9999 xx 000 0 ara d | ||
| 040 |
_aGCL / _cGCL |
||
| 082 | 0 | 4 |
_a819 _bج خ |
| 100 | 1 | _aجمال الغيطانى | |
| 245 | 1 | 0 |
_aخلاصة التوحيدى : _bمختارات من نثر ابو حيان التوحيدى / _cجمال الغيطانى |
| 700 | 1 | _aابوحيان التوحيدى، على بن محمد | |
| 260 |
_aالقاهرة : _bالمجلس الاعلى للثقافة ، _c1995 |
||
| 300 |
_a200 ص ؛ _c22 سم |
||
| 650 | 0 | 4 | _aالادب العربى |
| 650 | 0 | 4 | _aالبلاغة العربية |
| 650 | 0 | 4 | _aابوحيان التوحيدى |
| 942 |
_2ddc _cBK |
||
| 999 |
_c38061 _d38061 |
||